000 00284nam a22001097a 4500
082 _a001
100 _aKiran Institute
245 _aSSC CHSL 2024 TCS Pyqs Tier-I & Tier II साल्वड पेपर्स
260 _bKiran Pubication
_c2025
650 _aGK
942 _cC. BOOKS
999 _c68193
_d68193